01179 am a2200289ua 450000100100000000500170001000800410002702000150006804000110008304300120009408200240010610000320013024501370016226001030029930000340040250400310043665000550046765300260052265500240054869000270057270000250059971000580062471000400068294200240072299900170074695201260076301267018320140209160017.0840607s1983||||xxka grb f000 0 eng d a0902170031 aUkcUk ae-uk---04a384.530941222bMOS1 a Moseley, Malcolm J.93511310aMobile services in rural areas :ba report to the Department of Environment and Welsh Office /cMalcolm J. Moseley and John Packman. aNorwich, United Kingdom :bThe School of Environmental Sciences, University of East Anglia,c1983. axvi, 255 p. :bill. ;c21 cm. aBibliography : p. 247-255. 935117aMobile communication systemszGreat Britain bGeneralcFebruary2012 vreading book9342327 aSocial Welfare2blcoll1 aPackman, John9351141 a Great Britain.bDepartment of the Environment9351151 aGreat Britain.bWelsh Office935116 2ddck384.530941 MOS c18046d18018 00102ddc40708Donation-GaMAINbMAINc1STd2014-02-06epurchasel0o384.530941 MOSp000035600r2025-07-15 00:00:00yBB